[Event "IECC O email"]
[Site "IECC email"]
[Date "2001.11.06"]
[Round "?"]
[White "Romero, Paul L"]
[Black "Rich, Willis"]
[Result "0-1"]
[WhiteElo "1597"]
[BlackElo "1800"]
[PlyCount "36"]
[EventDate "2001.??.??"]
[EventType "tourn (corr)"]
[EventRounds "6"]
[SourceTitle "Corr 2008"]
[Source "ChessBase"]
[SourceDate "2008.06.24"]
[SourceVersion "1"]
[SourceVersionDate "2008.06.24"]
[SourceQuality "1"]

1. d4 Nf6 2. Bg5 e6 3. e4 h6 4. Bxf6 Qxf6 5. Nf3 d6 6. Nbd2 Nd7 7. c3 g6 8. Bd3 Bg7 9. Qe2 a6 10. 0-0-0 0-0 11. Kb1 b6 12. h4 e5 13. g4 Qe7 14. h5 g5 15. Nc4 Bb7 16. Ne3 c5 17. d5 Nb8 18. Nf5 Qd8 0-1